[Event "Helmond Rapid op"]
[Site "Helmond"]
[Date "2023.06.10"]
[Round "7"]
[White "Sutmuller, Jos"]
[Black "Hollands, Maxim"]
[Result "1-0"]
[WhiteElo "2122"]
[BlackElo "1684"]
[PlyCount "99"]
[EventDate "2023.06.10"]
[EventType "swiss (rapid)"]
[EventRounds "9"]
[EventCountry "NED"]
[SourceTitle "CBM 214 Extra"]
[Source "ChessBase"]
[SourceDate "2023.07.31"]
[SourceVersion "1"]
[SourceVersionDate "2023.07.31"]
[SourceQuality "1"]

1. d4 Nf6 2. c4 g6 3. Nc3 Bg7 4. e4 d6 5. Be2 0-0 6. Bg5 h6 7. Be3 e5 8. d5 a5 9. h4 h5 10. Nf3 Ng4 11. Bd2 f5 12. Ng5 f4 13. f3 Nf6 14. Qc2 Na6 15. 0-0-0 Nc5 16. Be1 Bh6 17. Nh3 Ng4 18. fxg4 f3+ 19. g5 fxe2 20. Nxe2 Bg7 21. Nf2 Rf7 22. Nc3 c6 23. Nd3 Qb6 24. Bd2 Bg4 25. Rdf1 Raf8 26. Rxf7 Rxf7 27. Re1 Nxd3+ 28. Qxd3 Qf2 29. dxc6 bxc6 30. g3 Bf8 31. Qe3 Qh2 32. Qg1 Qh3 33. Nd1 Rf3 34. Qb6 Qxg3 35. Qxc6 Rd3 36. Re3 Rxe3 37. Nxe3 Qxh4 38. Nd5 Qh1+ 39. Kc2 Bd1+ 40. Kc3 Qf3+ 41. Be3 Kg7 42. Qd7+ Qf7 43. Qxf7+ Kxf7 44. Bb6 h4 45. Ne3 h3 46. Nxd1 Be7 47. Be3 Bd8 48. Bg1 Ke6 49. Nf2 Bxg5 50. Nxh3 1-0

[Event "Maastricht Limburg op-B 5th"]
[Site "Maastricht"]
[Date "2011.06.12"]
[Round "5"]
[White "Hollands, Maxim"]
[Black "Orbons, Richard"]
[Result "1-0"]
[WhiteElo "1851"]
[BlackElo "1723"]
[PlyCount "41"]
[EventDate "2011.06.10"]
[EventType "swiss"]
[EventRounds "7"]
[EventCountry "NED"]
[SourceTitle "EXT 2012"]
[Source "ChessBase"]
[SourceDate "2011.11.24"]
[SourceVersion "1"]
[SourceVersionDate "2011.11.24"]
[SourceQuality "1"]

1. d4 Nf6 2. c4 g6 3. Nc3 Bg7 4. e4 d6 5. Be2 0-0 6. Bg5 e5 7. d5 c6 8. Nf3 a6 9. a4 Qa5 10. Nd2 Nbd7 11. 0-0 Ne8 12. Be7 f5 13. Bxf8 Nxf8 14. exf5 gxf5 15. Rc1 Nf6 16. Re1 Bd7 17. Nb3 Qc7 18. c5 cxd5 19. Nxd5 Nxd5 20. Bc4 Bxa4 21. Qxd5+ 1-0